Ochrana životného prostredia po európsky

Európska smernica zodpovednosti za environmentálne škody priamo neukladá povinnosť uzavrieť poistenie. Pripravovaný slovenský zákon s poistením škôd na životnom prostredí počíta, poisťovne zatiaľ vhodný produkt nemajú. Nepredvídateľné škody firiem. Čo sa musí poistiť. Možnosť vytvárania poolov, teda...

ver descrição completa

Na minha lista:
Detalhes bibliográficos
Autor principal: Záborský, Ján
Formato: Capítulo de Livro
Idioma:eslovaco
Assuntos:
Tags: Adicionar Tag
Sem tags, seja o primeiro a adicionar uma tag!

MARC

LEADER 00000naa$a2200000$$$4500
001 0051278
005 20231009084351.1
041 0 |a slo 
044 |a SK 
245 1 0 |a Ochrana životného prostredia po európsky  |c Ján Záborský 
520 |a Európska smernica zodpovednosti za environmentálne škody priamo neukladá povinnosť uzavrieť poistenie. Pripravovaný slovenský zákon s poistením škôd na životnom prostredí počíta, poisťovne zatiaľ vhodný produkt nemajú. Nepredvídateľné škody firiem. Čo sa musí poistiť. Možnosť vytvárania poolov, teda zoskupení viacerých poisťovní, ktoré sa spolu podieľajú na zabezpečení rizika. 
610 2 0 |a ochrana prostredia životného 
610 2 0 |a škody 
610 2 0 |a poistenie poolové 
610 2 0 |a poistenie zodpovednosti za škody 
610 2 0 |a smernice 
610 2 0 |a legislatíva 
610 2 0 |a Slovensko 
100 1 |a Záborský, Ján